<?xml version="1.0" encoding="UTF-8"?>
<record
    xmlns:xsi="http://www.w3.org/2001/XMLSchema-instance"
    xsi:schemaLocation="http://www.loc.gov/MARC21/slim http://www.loc.gov/standards/marcxml/schema/MARC21slim.xsd"
    xmlns="http://www.loc.gov/MARC21/slim">

  <leader>01176nam a22002415i 4500</leader>
  <controlfield tag="001">54620</controlfield>
  <controlfield tag="003">ES-MaACL</controlfield>
  <controlfield tag="005">20240530062936.0</controlfield>
  <controlfield tag="007">t|</controlfield>
  <controlfield tag="008">960425s1880    sp           ||||1| spa d</controlfield>
  <datafield tag="100" ind1="1" ind2=" ">
    <subfield code="a">Fuente, Vicente de la,</subfield>
    <subfield code="d">1817-1889</subfield>
    <subfield code="9">52857</subfield>
  </datafield>
  <datafield tag="245" ind1="1" ind2="4">
    <subfield code="a">Las comunidades de Castilla y Arag&#xF3;n bajo el punto de vista geogr&#xE1;fico : </subfield>
    <subfield code="b">discurso pronunciado por Vicente de la Fuente en la sesi&#xF3;n celebrada el d&#xED;a 8 de enero de 1880, en la Sociedad Geogr&#xE1;fica de Madrid, y publicado en el n&#xFA;mero 3&#xBA; del tomo VIII del Bolet&#xED;n de la misma.</subfield>
  </datafield>
  <datafield tag="260" ind1=" " ind2=" ">
    <subfield code="a">Madrid : </subfield>
    <subfield code="b">[s.l.], </subfield>
    <subfield code="c">1880 (</subfield>
    <subfield code="f">Imp. de Fortanet)</subfield>
  </datafield>
  <datafield tag="300" ind1=" " ind2=" ">
    <subfield code="a">28 p. ; </subfield>
    <subfield code="c">22 cm.</subfield>
  </datafield>
  <datafield tag="530" ind1=" " ind2=" ">
    <subfield code="a">Disponible en formato digital.</subfield>
  </datafield>
  <datafield tag="651" ind1=" " ind2="4">
    <subfield code="a">Castilla y Le&#xF3;n-</subfield>
    <subfield code="x">Divisiones territoriales.</subfield>
    <subfield code="9">171795</subfield>
  </datafield>
  <datafield tag="651" ind1=" " ind2="4">
    <subfield code="a">Arag&#xF3;n-</subfield>
    <subfield code="x">Divisiones territoriales.</subfield>
    <subfield code="9">171796</subfield>
  </datafield>
  <datafield tag="710" ind1="2" ind2=" ">
    <subfield code="a">Sociedad Geogr&#xE1;fica de Madrid.</subfield>
    <subfield code="9">6775</subfield>
  </datafield>
  <datafield tag="852" ind1=" " ind2=" ">
    <subfield code="a">ES-MaACL</subfield>
    <subfield code="j">T-1276-F-2</subfield>
  </datafield>
  <datafield tag="856" ind1=" " ind2=" ">
    <subfield code="u">http://bdh-rd.bne.es/viewer.vm?id=0000244451&amp;page=1 </subfield>
    <subfield code="z">Biblioteca Digital Hisp&#xE1;nica</subfield>
  </datafield>
  <datafield tag="856" ind1=" " ind2=" ">
    <subfield code="u">http://bibliotecadigital.jcyl.es/es/consulta/registro.do?id=51 </subfield>
    <subfield code="z">Biblioteca Digital de Castilla y Le&#xF3;n</subfield>
  </datafield>
  <datafield tag="999" ind1=" " ind2=" ">
    <subfield code="c">54620</subfield>
    <subfield code="d">54620</subfield>
  </datafield>
  <datafield tag="952" ind1=" " ind2=" ">
    <subfield code="0">0</subfield>
    <subfield code="1">0</subfield>
    <subfield code="4">0</subfield>
    <subfield code="7">0</subfield>
    <subfield code="8">Colecci&#xF3;n_de_folletos</subfield>
    <subfield code="a">ATENEOM</subfield>
    <subfield code="b">ATENEOM</subfield>
    <subfield code="c">DEPOF</subfield>
    <subfield code="d">2008-01-17</subfield>
    <subfield code="e">SC</subfield>
    <subfield code="l">0</subfield>
    <subfield code="o">T-1276-F-2</subfield>
    <subfield code="p">1057392</subfield>
    <subfield code="r">2023-02-23 00:00:00</subfield>
    <subfield code="w">2023-02-23</subfield>
    <subfield code="y">FOLLETOS</subfield>
  </datafield>
</record>
